Darkest Dungeon - klasy - Statystyki

Ogólne statystyki
  • Ten quiz został rozwiązany 20 razy
  • Średni wynik to 15 z 18
Statystyki odpowiedzi
Postacie % Poprawnych
Trędowaty
100%
Abominacja
93%
Hiena Cmentarna
93%
Krzyżowiec
93%
Okultysta
93%
Oprych
93%
Antykwariuszka
86%
Badaczka Zarazy
86%
Łowca Nagród
86%
Kapłanka
79%
Zbrojmistrz
79%
Arlekin
71%
Flagelant
71%
Kuszniczka
71%
Awanturniczka
64%
Łamaczka Tarcz
64%
Łowczy
64%
Muszkieterka
64%
Nie znaleziono quizów pasujących do podanych kryteriów
Rozkład punktacji
Procent ludzi z każdym wynikiem
Percentyl według liczby udzielonych odpowiedzi
Twoja historia wyników
Nie rozwiązałeś tego quizu